Compendio de cifras básicas de Costa Rica. III: Balanza de pagos 1950-1970

Збережено в:
Бібліографічні деталі
Співавтор: Costa Rica. Presidencia de la República. Oficina de Planificación
Формат: Текст
Опубліковано: San José: Oficina de Planificación
Теги: Додати тег
Немає тегів, Будьте першим, хто поставить тег для цього запису!

MARC

LEADER 00000 a a2200000 04500
001 18005
003
040
090 |a 003100  
110 |a Costa Rica. Presidencia de la República. Oficina de Planificación  
245 |a Compendio de cifras básicas de Costa Rica. III: Balanza de pagos 1950-1970  
260 |a San José:   |b Oficina de Planificación  
300 |a 46 p.  
999 |c 14283  |d 14283